Memoria de los trabajos de la Cámara Oficial de Comercio de la provincia de Madrid. (Record no. 182872)
[ view plain ]
| 000 -LEADER | |
|---|---|
| campo de control de longitud fija | 00975nas a2200229 i 4500 |
| 001 - NÚMERO DE CONTROL | |
| campo de control | 182872 |
| 003 - IDENTIFICADOR DE NÚMERO DE CONTROL | |
| campo de control | ES-MaACL |
| 005 - FECHA Y HORA DE LA ÚLTIMA TRANSACCIÓN | |
| campo de control | 20250901203245.0 |
| 008 - DATOS DE LONGITUD FIJA--INFORMACIÓN GENERAL | |
| campo de control de longitud fija | 131121d19151935sp a| | |spa d |
| 022 ## - NÚMERO INTERNACIONAL NORMALIZADO PARA PUBLICACIONES SERIADAS | |
| Número Internacional Normalizado para Publicaciones Seriadas | 0211-5069 |
| 080 ## - NÚMERO DE LA CLASIFICACIÓN DECIMAL UNIVERSAL | |
| Número de la Clasificación Decimal Universal | 334.788.2(460.27 M.)(060.55) |
| 110 2# - ENTRADA PRINCIPAL--NOMBRE DE ENTIDAD CORPORATIVA | |
| Nombre de entidad corporativa o nombre de jurisdicción como elemento de entrada | Cámara Oficial de Comercio de Madrid |
| 9 (RLIN) | 2374 |
| 245 10 - MENCIÓN DEL TÍTULO | |
| Título | Memoria de los trabajos de la Cámara Oficial de Comercio de la provincia de Madrid. |
| 260 ## - PUBLICACIÓN, DISTRIBUCIÓN, ETC. | |
| Lugar de publicación, distribución, etc. | Madrid : |
| Nombre del editor, distribuidor, etc. | Cámara Oficial de Comercio de Madrid, |
| Fecha de publicación, distribución, etc. | [1915-1935] |
| 300 ## - DESCRIPCIÓN FÍSICA | |
| Extensión | 8 v. ; |
| Dimensiones | 24 cm. |
| 362 0# - FECHAS DE PUBLICACIÓN Y/O DESIGNACIÓN SECUENCIAL | |
| Fecha de publicación y/o designación secuencial | Comenzó en 1912?; cesó en 1967? |
| 580 ## - NOTA DE RELACIÓN COMPLEJA | |
| Nota de relación compleja | Fundida con: Memoria de actuación - Cámara Oficial de la Industria de Madrid = ISSN 1137-6708; para formar: Memoria de actuación... - Cámara Oficial de Comercio e Industria de Madrid = ISSN 1137-6732. |
| 610 24 - PUNTO DE ACCESO ADICIONAL DE MATERIA--NOMBRE DE ENTIDAD CORPORATIVA | |
| Nombre de entidad corporativa o nombre de jurisdicción como elemento de entrada | Cámara Oficial de Comercio de Madrid- |
| Subdivisión de forma | Memorias. |
| 9 (RLIN) | 153862 |
| 852 4# - LOCALIZACIÓN | |
| Ubicación | ES-MaACL |
| Número de control de estantería | C-13226-33 |
| 866 #0 - MENCIÓN TEXTUAL DE FONDOS--UNIDAD BIBLIOGRÁFICA BÁSICA | |
| Fondos | 1915-1918, 1932-1935. |
| Estatus retirado | Estado de pérdida | Estado de daño | No para préstamo | Colección | Biblioteca de origen | Biblioteca actual | Ubicación en estantería | Fecha de adquisición | Fuente de adquisición | Total de préstamos | Signatura topográfica completa | Código de barras | Visto por última vez | Precio de reemplazo | Tipo de ítem Koha |
|---|---|---|---|---|---|---|---|---|---|---|---|---|---|---|---|
| Periódicos y Revistas | Biblioteca del Ateneo de Madrid | Biblioteca del Ateneo de Madrid | Sala Palomar | 21/11/2013 | C-13226-33 | 1192193 | 23/02/2023 | 23/02/2023 | Revista |
